| Tag |
First Indicator |
Second Indicator |
Subfields |
| LEADER |
00000cam a2200000 a 4500 |
| 001 |
in00000010924 |
| 005 |
20160206063504.0 |
| 008 |
860825s1987 enkaf 00110 eng |
| 010 |
|
|
|a 86023270
|
| 020 |
|
|
|a 0080336124 :
|c $27.00 (U.S.)
|
| 020 |
|
|
|a 0080336132 (pbk.) :
|c $14.95 (U.S.)
|
| 035 |
|
|
|a (OCoLC)14215152
|
| 035 |
|
|
|9 AAA5589AM
|
| 040 |
|
|
|a DLC
|c DLC
|d TXA
|d UtOrBLW
|
| 049 |
|
|
|a TXAM
|c [A12638874]
|a TXAS [mil]
|
| 050 |
0 |
0 |
|a UG700
|b .W35 1987
|
| 082 |
0 |
|
|a 358.4/142
|2 19
|
| 100 |
1 |
|
|a Walker, J. R.,
|d 1936-
|
| 245 |
1 |
0 |
|a Air-to-ground operations /
|c J.R. Walker.
|
| 250 |
|
|
|a 1st ed.
|
| 264 |
|
1 |
|a London ;
|a Washington :
|b Brassey's Defence Publishers,
|c 1987.
|
| 300 |
|
|
|a xii, 152 pages, 22 unnumbered pages of plates :
|b illustrations ;
|c 26 cm.
|
| 336 |
|
|
|a text
|b txt
|2 rdacontent
|
| 337 |
|
|
|a unmediated
|b n
|2 rdamedia
|
| 338 |
|
|
|a volume
|b nc
|2 rdacarrier
|
| 490 |
1 |
|
|a Brassey's air power ;
|v v. 2
|
| 500 |
|
|
|a Includes index.
|
| 650 |
|
0 |
|a Close air support.
|
| 650 |
|
0 |
|a Attack planes.
|
| 650 |
|
0 |
|a Fighter planes.
|
| 830 |
|
0 |
|a Brassey's air power ;
|v v. 2.
|
| 999 |
|
|
|a MARS
|
| 999 |
f |
f |
|s aeec9be4-9e88-3d05-b462-4cdb3e233e8b
|i c6c8a8ad-7e3b-3a43-a3b6-45aa576b6032
|t 0
|
| 952 |
f |
f |
|p noncirc
|a Texas A&M University
|b College Station
|c Cushing Memorial Library & Archives
|d Cushing: Ragan Military (Does not check out)
|t 0
|e UG700 .W35 1987
|h Library of Congress classification
|i unmediated -- volume
|
| 952 |
f |
f |
|p normal
|a Texas A&M University
|b College Station
|c Sterling C. Evans Library
|d Evans: Library Stacks
|t 0
|e UG700 .W35 1987
|h Library of Congress classification
|i unmediated -- volume
|m A14812638874
|
| 998 |
f |
f |
|a UG700 .W35 1987
|t 0
|l Evans: Library Stacks
|
| 998 |
f |
f |
|a UG700 .W35 1987
|t 0
|l Cushing: Ragan Military (Does not check out)
|